Un nuevo paradigma : para comprender el mundo de hoy /
Guardado en:
| Autor Principal: | |
|---|---|
| Formato: | Libro |
| Idioma: | Spanish French |
| Publicado: |
Buenos Aires :
Paidós,
2006.
|
| Series: | Paidós estado y sociedad ;
135. |
| Materias: | |
| Etiquetas: |
Agregar Etiqueta
Sin Etiquetas, Sea el primero en etiquetar este registro!
|
| LEADER | 00828nam a22002415a 4500 | ||
|---|---|---|---|
| 001 | EAD.ead000652 | ||
| 008 | 060220s2006####ag#######b/###001#0#spa## | ||
| 005 | 20101112162023.0 | ||
| 245 | 1 | 3 | |a Un nuevo paradigma : |b para comprender el mundo de hoy / |c Alain Touraine. |
| 260 | |a Buenos Aires : |b Paidós, |c 2006. | ||
| 300 | |a 271 p. ; |c 24 cm. | ||
| 490 | 1 | |a Paidós estado y sociedad ; |v 135 | |
| 500 | |a Traducción de: Un nouveau paradigme. | ||
| 504 | |a Incluye referencias bibliográficas (p. [261]-266) e índice. | ||
| 020 | |a 844931819X | ||
| 100 | 1 | |a Touraine, Alain. | |
| 830 | 0 | |a Paidós estado y sociedad ; |v 135. | |
| 082 | 0 | 4 | |a 303.4 |
| 650 | 0 | 7 | |a Cambio social. |2 unbist |
| 019 | |a B 41284-2005 | ||
| 040 | |a M-BN |b spa |c M-BN | ||
| 041 | 1 | |a spa |h fre | |
| 859 | |a AR-BaBDC |b BIB. ADMINISTRACION GABCOOP - Libros |h 303.4 |i T644-1 |p g01196 | ||
